000 00606nam a22002297a 4500
999 _c15336
_d15336
003 OSt
005 20210914154903.0
008 151021s9999 xx 000 0 und d
020 _a130355488
040 _cMMU
_aMMU
_beng
_dMMU
050 _aQA76.9.A25P45 2003
245 _aSecurity in computing/
250 _a3rd ed.
260 _aUSA :
_bPrentice Hall ,
_c2003.
300 _axxix, 746 p. :
500 _aIncludes index
500 _aIncludes index
650 _a_computer security
700 _a_Shari Lawrence Pfleeger
942 _2lcc
_cLOAN LOAN
980 _a^d20120809 03:35:17^oanne